| 000 | 01213cam a2200301 i 4500 | ||
|---|---|---|---|
| 999 |
_c129437 _d129437 |
||
| 001 | 317440 | ||
| 003 | ARRUPE | ||
| 005 | 20190426124939.0 | ||
| 008 | 741105s1975 ilu b 001 0 eng | ||
| 010 | _a 74026798 | ||
| 020 |
_a0226672190 : _c$2.75 |
||
| 040 |
_aDLC _cDLC _dDLC |
||
| 050 | 0 | 0 |
_aHV11 _b.P64 1975 |
| 082 | 0 | 0 | _a361/.007/2 |
| 100 | 1 |
_aPolansky, Norman A., _d1918- _eed. _945926 |
|
| 245 | 1 | 0 |
_aSocial work research : _bmethods for the helping professions / _cedited by Norman A. Polansky. |
| 250 | _aRev. ed. | ||
| 260 |
_aChicago : _bUniversity of Chicago Press, _c1975. |
||
| 300 |
_aix, 314 p. ; _c24 cm. |
||
| 504 | _aIncludes bibliographies and index. | ||
| 650 | 0 |
_aSocial service _xResearch. _945927 |
|
| 906 |
_a7 _bcbu _corignew _d1 _eocip _f19 _gy-gencatlg |
||
| 942 |
_2lcc _cMONOGRAPH |
||